00844cam a2200205 4500001000500000005001700005008003900022010003100061020002300092020002300115100002500138245005300163260005400216300006600270504006400336650005500400650004800455999001500503952012000518205120181127164453.0021029s2003 nyuaf bf 001 0 eng a 2002041012z 2002154885 a0801439027 (cloth) a0801488540 (paper)1 aDyer, Betsey Dexter.12aA field guide to bacteria /cBetsey Dexter Dyer. aIthaca, N.Y. :bCornell University Press,cc2003. aviii, 355 p., [32] p. of plates :bill. (some col.) ;c22 cm. aIncludes bibliographical references (p. 335-338) and index. 0aBacteriaxIdentificationvHandbooks, manuals, etc. 0aMicrobial ecologyvHandbooks, manuals, etc. c1600d1600 00102ddc40708MAINaRTCLIBbRTCLIBcMAINh i2609l0o579.3 DYEp30003408r2018-11-27 00:00:00w2018-11-27yMAIN